000 00604 a2200181 4500
001 069043
003 OSt
005 20220401121720.0
008
082 _a381.340954
_bC76C
245 1 _aConsumerism: global and indian perspectives
_cedited by J.S. Panwar
260 _aJaipur
_bRBSA Publishers
_c2006
300 _a224p.
653 _aIndia; Developing countries; Consumer protection; Consumer protection--Citizen participation; Consumer protection--Law and legislation
700 _aPanwar, J.S.
_eEditor
700 _aMathur, Navin
_eEditor
942 _2ddc
_cBK
999 _c2653
_d2653